Estabilidad y flexibilidad en el ordenaminento jurídico de la integración

محفوظ في:
التفاصيل البيبلوغرافية
المؤلف الرئيسي: Díaz Albónico, Rodrigo (مؤلف)
التنسيق: كتاب
اللغة:الإسبانية
منشور في: Santiago Universitaria 1977
سلاسل:Estudios Internacionales. Nuevas Perspectivas de la Integración Latinoamericana, 1
الموضوعات:
الوسوم: إضافة وسم
لا توجد وسوم, كن أول من يضع وسما على هذه التسجيلة!

MARC

LEADER 00000nam a2200000 a 4500
001 UCR7770
003 CL-VaPUC
008 980519e19770000CL |||||||||||||||||spa|d
082 0 4 |a 337.18  |b DIA  |2 21 
100 0 |a Díaz Albónico, Rodrigo  |e author  |9 409199 
245 1 0 |a Estabilidad y flexibilidad en el ordenaminento jurídico de la integración 
300 |a 172 p 
942 |c BK 
945 |d 19980519 00:00:00  |a crobeson 
260 |a Santiago  |b Universitaria  |c 1977 
650 0 |a Economía internacional  |9 258254 
650 0 |a Integración económica  |9 255024 
650 0 |a Economía   |9 255568 
651 0 |a Latinoamérica  |9 316393 
583 |a last modification  |c 19980519 00:00:00  |k Rodrigo Vera 
490 0 |a Estudios Internacionales. Nuevas Perspectivas de la Integración Latinoamericana, 1 
999 |c 269354  |d 269352 
952 |0 0  |1 0  |4 0  |6 337_180000000000000_DIA_1977  |7 0  |8 A  |9 303083  |a BIBENE  |b BIBENE  |d 2019-11-20  |i 1994565  |o 337.18 DIA 1977  |p 1994565  |r 2025-01-15  |w 2019-11-20  |y BK  |k ICO 
952 |0 0  |1 0  |4 0  |6 337_180000000000000_DIA_1977  |7 0  |8 A  |9 303084  |a BIBHIS  |b BIBHIS  |d 2019-11-20  |i 1332554  |o 337.18 DIA 1977  |p 1332554  |r 2025-01-20  |w 2019-11-20  |y BK  |k HIS